000 00936nac a22002651i 4500
003 EG-ScBUE
005 20250813085516.0
008 250805s1965 enka f 001 0 eng d
035 _a(OCoLC)2330017
040 _aEG-ScBUE
_beng
_erda
_cEG-ScBUE
_dEG-ScBUE
082 0 4 _a546
_bBAS
_222
100 1 _aBassett, J.,
_eauthor.
245 1 0 _aInorganic chemistry :
_ba concise text /
_cJ. Bassett, M.Sc., F.R.I.C., senior lecturer in inorganic chemistry, The Woolwich Polytechnic.
250 _aFirst edition.
264 1 _aOxford :
_bPergamon Press,
_c1965.
300 _aviii, 347 pages :
_billustrations ;
_c20 cm.
336 _2rdacontent
_atext
_btxt
337 _aunmediated
_2rdamedia
_bn
338 _avolume
_bnc
_2rdacarrier
490 0 _aThe Commonwealth and international library. Chemistry division ;
_v2264
500 _aIncludes index.
650 7 _aChemistry, Inorganic.
_2BUEsh
655 _vReading book
942 _cBB
_2ddc
999 _c1799
_d1799